Normal view
MARC view
- Susan Maingay Sense Of Reading-reading Skills In English
Entry Topical Term
001 - CONTROL NUMBER
- control field: 2691
003 - CONTROL NUMBER IDENTIFIER
- control field: JO-AjAnu
005 - DATE AND TIME OF LATEST TRANSACTION
- control field: 20230606070738.0
008 - FIXED-LENGTH DATA ELEMENTS
- fixed length control field: 230606|| aca||aabn | a|a d
040 ## - CATALOGING SOURCE
- Original cataloging agency: JO-AjAnu
- Transcribing agency: JO-AjAnu
150 ## - HEADING--TOPICAL TERM
- Topical term or geographic name entry element: Susan Maingay Sense Of Reading-reading Skills In English
670 ## - SOURCE DATA FOUND
- Source citation: Work cat.: (JO-AjAnu)1408: Maingay, Susan , author 2690, Making Sense Of Reading: An Introduction To reading Skills In English